| 000 | 00361nam a2200109Ia 4500 | ||
|---|---|---|---|
| 008 | 171211s9999 xx 000 0 und d | ||
| 245 | 4 | _aThe Science of Getting Rich by Wallace D. Wattles AND The Master Key System by Charles Haanel | |
| 245 | _cWallace D. Wattles | ||
| 260 | _c2007 | ||
| 650 | _xBUSINESS | ||
| 856 | _uhttp://down.ebook777.com/062/9562913864.pdf | ||
| 999 |
_c349520 _d349520 |
||